00666nam a2200193Ia 4500008004100000020001400041082001500055100002300070245005600093250000800149260004500157300003000202500001900232600002100251650005000272942000700322952012800329999001500457240925s9999 xx 000 0 und d a138874077 a005.43 STA aStallings, William 0aOperating Systems: internals and design principles  a3rd aNew Jersey:bPrintice- Hall Int.c,1998. axxii,901p.bNAfPhotocopy aIncludes Index aComputer Science aComputer science, information & general works cBK 001040708CSaUITUbUITUd2001-12-09ePrince Book Depog200.00l0o005.43 STApQ3948r2024-09-25 07:13:20w2024-09-25yBK c6447d6447